<?xml version="1.0" encoding="UTF-8"?>
<record
    xmlns:xsi="http://www.w3.org/2001/XMLSchema-instance"
    xsi:schemaLocation="http://www.loc.gov/MARC21/slim http://www.loc.gov/standards/marcxml/schema/MARC21slim.xsd"
    xmlns="http://www.loc.gov/MARC21/slim">

  <leader>02459nam a2200385 a 4500</leader>
  <controlfield tag="001">000015081</controlfield>
  <controlfield tag="003">DO-SdBNP</controlfield>
  <controlfield tag="005">20180215095430.0</controlfield>
  <controlfield tag="007">000015081</controlfield>
  <controlfield tag="008">100201d2002    dr acd        001 0 spa d</controlfield>
  <datafield tag="040" ind1=" " ind2=" ">
    <subfield code="a">BPMET</subfield>
    <subfield code="b">spa</subfield>
    <subfield code="c">BPMET</subfield>
  </datafield>
  <datafield tag="041" ind1="1" ind2="7">
    <subfield code="a">spa</subfield>
    <subfield code="h">eng</subfield>
  </datafield>
  <datafield tag="092" ind1=" " ind2=" ">
    <subfield code="a">929.2</subfield>
    <subfield code="b">J54t</subfield>
  </datafield>
  <datafield tag="100" ind1="1" ind2=" ">
    <subfield code="a">Jennings, Odile Nouel,</subfield>
    <subfield code="d">1932-</subfield>
  </datafield>
  <datafield tag="240" ind1="1" ind2="4">
    <subfield code="a">The Jennings and Argo story</subfield>
  </datafield>
  <datafield tag="245" ind1="1" ind2="0">
    <subfield code="a">Tu origen americano :</subfield>
    <subfield code="b">peripecias de una investigaci&#xF3;n geneal&#xF3;gica, historia de los Jennings y los Argo /</subfield>
    <subfield code="c">Odile Nouel Jennings ; traducci&#xF3;n del ingl&#xE9;s por Luis Jos&#xE9; Prieto Nouel ; pr&#xF3;logo Julio Genaro Campillo P&#xE9;rez.</subfield>
  </datafield>
  <datafield tag="250" ind1=" " ind2=" ">
    <subfield code="a">[1&#xAA; ed. dominicana].</subfield>
  </datafield>
  <datafield tag="260" ind1=" " ind2=" ">
    <subfield code="a">Santo Domingo :</subfield>
    <subfield code="b">Instituto Dominicano de Genealog&#xED;a,</subfield>
    <subfield code="c">2002.</subfield>
  </datafield>
  <datafield tag="300" ind1=" " ind2=" ">
    <subfield code="a">210 p. :</subfield>
    <subfield code="b">il., retrs., gr&#xE1;fcs. ;</subfield>
    <subfield code="c">22 cm.</subfield>
  </datafield>
  <datafield tag="490" ind1="1" ind2=" ">
    <subfield code="a">Traducciones</subfield>
    <subfield code="v">2</subfield>
  </datafield>
  <datafield tag="500" ind1=" " ind2=" ">
    <subfield code="a">Incluye datos biogr&#xE1;ficos del traductor en la contracubierta.</subfield>
  </datafield>
  <datafield tag="505" ind1="0" ind2=" ">
    <subfield code="g">Pr&#xF3;logo /</subfield>
    <subfield code="r">Julio Genaro Campillo P&#xE9;rez --</subfield>
    <subfield code="t">Breve historia de Tennesse --</subfield>
    <subfield code="t">Los primeros diez a&#xF1;os de Jim --Trezevant 1928-1938 --</subfield>
    <subfield code="t">Los a&#xF1;os en Camben y Jackson - La Marina --</subfield>
    <subfield code="t">La Escuela de Vanderbilt --</subfield>
    <subfield code="t">Las dos hermanas de Jim --</subfield>
    <subfield code="t">Richard Carl Jennings. El padre de Jim --</subfield>
    <subfield code="t">Los abuelos de Jim, William Robert y Bettie Jennings --</subfield>
    <subfield code="t">William Jennings y Martha Nearn, abuelos de Jim --</subfield>
    <subfield code="t">Hermanos de William Robert Jennings --</subfield>
    <subfield code="t">Dickerson Jennings de Tennessee, 1797-1867 --</subfield>
    <subfield code="t">Dickerson Jennings de Virginia, y Dickerson de Tennessee, continuaci&#xF3;n --</subfield>
    <subfield code="t">William Jennings, hijo, de los estados de Virginia y Georgia. William Jennings, Sr de los Condados de Amelia y Nottoway, Virginia --</subfield>
    <subfield code="t">Humphrey Jennengs de Birmingham --</subfield>
    <subfield code="t">Origen del nombre - Otros ancestros Jennings --</subfield>
    <subfield code="t">Los Argos: Lilliam, la madre de Jim --</subfield>
    <subfield code="t">Los padres de Lilliam: William Joseph y Frances Elizabeth Argo --</subfield>
    <subfield code="t">Los padres de William Joseph, Cullen y Jane Argo --</subfield>
    <subfield code="t">Los dos hermanos de Carolina del norte: Thomas y John Argo --</subfield>
    <subfield code="t">Nuestros ancestros Argos y origen del nombre --</subfield>
    <subfield code="g">Ep&#xED;logo.</subfield>
  </datafield>
  <datafield tag="600" ind1="3" ind2="4">
    <subfield code="a">JENNINGS (FAMILIA)</subfield>
    <subfield code="x">GENEALOG&#xCD;A</subfield>
  </datafield>
  <datafield tag="600" ind1="3" ind2="4">
    <subfield code="a">ARGO (FAMILIA)</subfield>
    <subfield code="x">GENEALOG&#xCD;A</subfield>
  </datafield>
  <datafield tag="650" ind1=" " ind2="4">
    <subfield code="a">PARENTESCO</subfield>
  </datafield>
  <datafield tag="651" ind1=" " ind2="4">
    <subfield code="a">REP&#xDA;BLICA DOMINICANA</subfield>
    <subfield code="x">GENEALOG&#xCD;A</subfield>
  </datafield>
  <datafield tag="651" ind1=" " ind2="4">
    <subfield code="a">ESTADOS UNIDOS</subfield>
    <subfield code="x">GENEALOG&#xCD;A</subfield>
  </datafield>
  <datafield tag="700" ind1="1" ind2=" ">
    <subfield code="a">Prieto Nouel, Luis Jos&#xE9;,</subfield>
    <subfield code="d">1949-,</subfield>
    <subfield code="e">tr.</subfield>
  </datafield>
  <datafield tag="700" ind1="1" ind2=" ">
    <subfield code="a">Campillo P&#xE9;rez, Julio Genaro,</subfield>
    <subfield code="e">pr&#xF3;l.</subfield>
  </datafield>
  <datafield tag="830" ind1=" " ind2="0">
    <subfield code="a">Traducciones</subfield>
    <subfield code="v">2</subfield>
  </datafield>
  <datafield tag="910" ind1=" " ind2=" ">
    <subfield code="a"> </subfield>
  </datafield>
  <datafield tag="942" ind1=" " ind2=" ">
    <subfield code="2">ddc</subfield>
    <subfield code="c">BK</subfield>
  </datafield>
  <datafield tag="945" ind1=" " ind2=" ">
    <subfield code="a">inventariado, 2018 / dg</subfield>
  </datafield>
  <datafield tag="952" ind1=" " ind2=" ">
    <subfield code="0">0</subfield>
    <subfield code="1">0</subfield>
    <subfield code="2">ddc</subfield>
    <subfield code="4">0</subfield>
    <subfield code="7">0</subfield>
    <subfield code="a">BPMET</subfield>
    <subfield code="b">BPMET</subfield>
    <subfield code="d">2015-04-28</subfield>
    <subfield code="l">0</subfield>
    <subfield code="p">BPMSU15041442</subfield>
    <subfield code="r">2015-04-28</subfield>
    <subfield code="w">2015-04-28</subfield>
    <subfield code="y">BK</subfield>
  </datafield>
  <datafield tag="956" ind1=" " ind2=" ">
    <subfield code="a">VMATEO </subfield>
    <subfield code="b">10</subfield>
    <subfield code="c">20150428</subfield>
    <subfield code="l">BPMSU</subfield>
    <subfield code="h">0069</subfield>
  </datafield>
  <datafield tag="999" ind1=" " ind2=" ">
    <subfield code="c">7744</subfield>
    <subfield code="d">7744</subfield>
  </datafield>
</record>
